000 02007nam0a2200337 4500
001 RU\NLR\bibl\905069
005 20260407133355.0
010 _a5-94288-107-3
_9100
021 _aRU
_b2005-75320
_93714
035 _a(NLR Aleph) 000893480
090 _a1732991
_c1732991
100 _a20060208d2005 |||y0rusy50 ca
101 0 _arus
102 _aRU
105 _aa |||||||||
200 1 _aСборник студенческих работ
_eюридические науки и экономические науки
_eпо материалам студенческих конференций
_fФедер. агентство по образованию, Юж.-Ур. гос. ун-т, Фак. права и финансов
_g[сост.: Е.А. Останина, Т.П. Ишмаева
_gпод ред. В.В. Киреева]
210 _aЧелябинск
_cИзд-во ЮУрГУ
_d2005
215 _a185 с.
_cил.
_d21
320 _aБиблиогр. в подстроч. прим.
606 1 _aПраво
_jСъезды, совещания и т.п.
_yРоссийская Федерация
_92070216
_3RU\NLR\auth\661244932
606 1 _aЭкономика
_jСъезды, совещания и т.п.
_91414491
_3RU\NLR\auth\66284709
686 _aХ62я431
686 _aУ.я431
702 1 _4220
_8rus
_7ca
_aОстанина
_bЕ. А.
_cканд. юрид. наук
_gЕлена Александровна
_3RU\NLR\auth\7735716
_918713
702 1 _4340
_8rus
_7ca
_aКиреев
_bВ. В.
_cюрист, экономист
_3RU\NLR\AUTH\7735721
_918718
711 0 2 _4070
_aЮжно-Уральский государственный университет
_cЧелябинск
_bФакультет права и финансов
_3RU\NLR\AUTH\8810079760
_9661663
801 0 _aRU
_bNLR
_c20060208
_grcr
801 1 _aRU
_bNLR
_c20060208
942 _cBOOK
980 _aNB